Informačný systém databáza kurzov diplomová práca

Uložené v:
Podrobná bibliografia
Hlavný autor: Adamec, Martin
Korporativný autor: Fakulta hospodárskej informatiky EU. Katedra aplikovanej informatiky
Ďalší autori: Bandurič, Igor, 1980-
Médium: Kniha
Jazyk:Slovak
Vydavateľské údaje: Bratislava 2021
Tagy: Pridať tag
Žiadne tagy, Buďte prvý, kto otaguje tento záznam!

MARC

LEADER 00000nbm a2200000 4500
001 0276187
005 20220318124612.9
041 0 |a slo 
044 |a SK 
245 1 0 |a Informačný systém databáza kurzov  |b diplomová práca  |c Martin Adamec ; školiteľ: Igor Bandurič 
264 1 |a Bratislava  |c 2021 
300 |a 61 s. 
100 1 |a Adamec, Martin 
700 1 |a Bandurič, Igor, 1980- 
710 2 |a Fakulta hospodárskej informatiky EU. Katedra aplikovanej informatiky